| 000 | 00332nam a2200121Ia 4500 | ||
|---|---|---|---|
| 008 | 150202s9999 xx 000 0 und d | ||
| 050 |
_aFIC _bFIC |
||
| 100 | _aSpillane, Mickey. | ||
| 245 |
_aBloody sunrise / _cMickey Spilane. |
||
| 260 |
_aNew York : _bSignet Books, _c1965. |
||
| 300 |
_a157 pages : _c18 cm. |
||
| 650 | _aFiction. | ||
| 999 |
_c282446 _d282446 |
||